| Tag |
First Indicator |
Second Indicator |
Subfields |
| LEADER |
00000cam a2200000 4500 |
| 001 |
in00000031631 |
| 005 |
20161130111151.0 |
| 008 |
730629s1950 nyu b 00011 eng u |
| 010 |
|
|
|a 50007725
|
| 035 |
|
|
|a (OCoLC)00648456
|
| 035 |
|
|
|9 AAD2950AM
|
| 040 |
|
|
|c DAY
|d TXA
|d UtOrBLW
|
| 049 |
|
|
|a TXAM
|c [181403]
|
| 090 |
|
|
|a PN6014
|b H842 1950
|
| 092 |
|
|
|a 813.08
|b G662h
|
| 100 |
1 |
|
|a Gordon, Caroline,
|d 1895-1981.
|
| 245 |
1 |
4 |
|a The house of fiction ;
|b an anthology of the short story, with commentary /
|c by Caroline Gordon and Allen Tate.
|
| 264 |
|
1 |
|a New York :
|b Scribner,
|c 1950.
|
| 300 |
|
|
|a x,649 pages ;
|c 24 cm.
|
| 336 |
|
|
|a text
|b txt
|2 rdacontent
|
| 337 |
|
|
|a unmediated
|b n
|2 rdamedia
|
| 338 |
|
|
|a volume
|b nc
|2 rdacarrier
|
| 504 |
|
|
|a Bibliography: pages 638-640.
|
| 650 |
|
0 |
|a Short stories.
|
| 700 |
1 |
|
|a Tate, Allen,
|d 1899-1979.
|
| 999 |
|
|
|a MARS
|
| 999 |
f |
f |
|s 7f3fdde6-7245-3148-b9b0-dcfecb16cd3b
|i 44086b96-443f-37d5-927f-c0d41995eb52
|t 0
|
| 952 |
f |
f |
|p ric
|a Texas A&M University
|b Rellis Campus
|c Joint Library Facility
|d Remote Storage
|t 0
|e PN6014 H842 1950
|h Library of Congress classification
|i unmediated -- volume
|m A14842128507
|
| 998 |
f |
f |
|a PN6014 H842 1950
|t 0
|l Remote Storage
|